Les prénoms des ministres du gouvernement Attal (2024) - Statistiques

Statistiques générales
  • Ce quiz a été pris 74 fois
  • Le résultat moyen est 17 sur 34
Statistiques - réponses
Hint Réponse % Correct
Darmanin Gérard
97%
Dati Rachida
97%
Le Maire Bruno
94%
Oudéa-Castéra Amélie
89%
Dupond-Moretti Eric
86%
Lecornu Sébastien
76%
Bergé Aurore
71%
Guérini Stanislas
65%
Belloubet Nicole
64%
Séjourné Stéphane
64%
Vautrin Catherine
59%
Riester Franck
59%
Béchu Christophe
58%
Fesneau Marc
56%
Thévenot Prisca
56%
Pannier-Runacher Agnès
45%
Grégoire Olivia
44%
Khattabi Fadila
42%
Lescure Roland
41%
Zacharopoulou Chrysoula
38%
El Haïry Sarah
38%
Barrot Jean-Noël
35%
Cazenave Thomas
35%
Kasbarian Guillaume
33%
Berville Hervé
32%
Lebec Marie
30%
Retailleau Sylvie
29%
Faure Dominique
24%
Vergriete Patrice
24%
Agresti-Roubache Sabrina
24%
Valletoux Frédéric
23%
Mirallès Patricia
20%
Guévenoux Marie
18%
Ferrari Marina
17%
Aucun quiz correspondant
Distribution des résultats
% des personnes avec chaque résultat
Percentile par nombre de réponses
Votre historique - résultats
Vous n’avez pas pris ce quiz